000 00464pab a2200181 454500
008 180718b2006 xxu||||| |||| 00| 0 eng d
100 _aBean, Frank D.
245 _aMexican immigrant political and economic incorporation
260 _c2006
300 _ap.309-13.
362 _aJun
650 _aImmigrants - Mexico
650 _aImmigrants
700 _aRumbaut, Ruben
700 _aBrown, Susan K.
773 _aPerspective on Politics
909 _a70954
999 _c70954
_d70954